书目信息 |
| 题名: |
现代汽车空调器的使用与维修
|
|
| 作者: | ;本书编写组 编 | |
| 分册: | ||
| 出版信息: | 北京 电子工业出版社 1994.3 |
|
| 页数: | 340页 | |
| 开本: | 26cm | |
| 丛书名: | ||
| 单 册: | ||
| 中图分类: | U463.85 | |
| 科图分类: | ||
| 主题词: | 汽车-空气调节系统 , 空气调节系统-汽车 | |
| 电子资源: | ||
| ISBN: | 7-5053-2123-4 | |
| 000 | 00978nam0 2200241 45 | |
| 001 | 0194032307 | |
| 005 | 20061127091618.60 | |
| 010 | @a7-5053-2123-4@dCNY21.50 | |
| 100 | @a19940723d1994 em y0chiy0121 ea | |
| 101 | 0 | @achi |
| 102 | @aCN@b110000 | |
| 105 | @ay z 000yy | |
| 200 | 10 | @a现代汽车空调器的使用与维修@AXIAN DAI QI CHE KONG TIAO QI DE SHI YONG YU WEI XIU@f《现代汽车空调器的使用与维修》编写组编@F《 XIAN DAI QI CHE KONG TIAO QI DE SHI YONG YU WEI XIU 》 BIAN XIE ZU BIAN |
| 210 | @a北京@c电子工业出版社@d1994.3 | |
| 215 | @a340页@d26cm | |
| 330 | @a本书介绍1981-1982年出厂的奥迪、巴依尔、克莱斯勒、菲亚特、奔驰、沃尔沃、箭牌、公羊-50型、达特桑、本田、丰田、马自达、大众、冲击者等牌号汽车空调器的构造、使用、检查和维修。 | |
| 540 | 1 | @a空调器@AKONG TIAO QI |
| 606 | @a汽车-空气调节系统 | |
| 606 | @a空气调节系统-汽车 | |
| 690 | @aU463.85@v三版 | |
| 711 | A2 | @a本书编写组@ABEN SHU BIAN XIE ZU@4编 |
| 801 | 0 | @aCN@bTSSF@c20061127 |
| 905 | @a10447@dU463.85@e68 | |
| 现代汽车空调器的使用与维修/《现代汽车空调器的使用与维修》编写组编.-北京:电子工业出版社,1994.3 |
| 340页;26cm |
| ISBN 7-5053-2123-4:CNY21.50 |
| 本书介绍1981-1982年出厂的奥迪、巴依尔、克莱斯勒、菲亚特、奔驰、沃尔沃、箭牌、公羊-50型、达特桑、本田、丰田、马自达、大众、冲击者等牌号汽车空调器的构造、使用、检查和维修。 |
| ● |
| 相关链接 |
|
|
|
|
正题名:现代汽车空调器的使用与维修
索取号:U463.85/68
 
预约/预借
| 序号 | 登录号 | 条形码 | 馆藏地/架位号 | 状态 | 备注 |
| 1 | 0275784 | 001511037 | 第二样本阅览室/ [索取号:U463.85/68] | 在馆 |